Lady Gaga Fill in the Blank: Song Titles Quiz Stats

 Plays Quiz not verified by Sporcle

Also try: Songs on Revolver
Challenge
Share
Tweet
Embed
Score 0/20 Timer 04:00
0 Plays Today
Lyrics Songs % Correct
I'm your biggest fan I'll follow you until you love me Papa-_____Paparazzi
94.6%
Can't read my, Can't read my, No he can't read my _____Poker Face
93.5%
I wanna take a ride on your disco stick Let's play a _____LoveGame
92.5%
Don't call my name Don't call my name, _____Alejandro
91.4%
I'm beautiful in my way 'Cause God makes no mistakes I'm on the right track, baby I was _____Born This Way
91.4%
I want your love and I want your revenge You and me could write a _____Bad Romance
90.3%
I’m just a Holy Fool, oh baby he’s so cruel But I’m still in love with _____, babyJudas
88.2%
Call all you want, but there's no one home And you're not gonna reach my _____Telephone
87.1%
I'm on t_____ and I'm hangin' on a moment of truth Out on _____ and I'm hangin' on a moment with youThe Edge of Glory
87.1%
I've got a hundred _____ to walk away But baby, I just need one good one to stayMillion Reasons
87.1%
Lyrics Songs % Correct
Let me be the girl under you that makes you cry I wanna be that _____G.U.Y.
84.9%
My cool Nebraska guy Yeah, there's something about Baby, _____Yoü & I
82.8%
Live for the way that you cheer and scream for me The _____Applause
82.8%
Mistaken for love, it wasn't love It was a _____Perfect Illusion
82.8%
You can't have my heart And you won't use my mind but _____ with my bodyDo What U Want
80.6%
I've had enough, this is my prayer That I'll die livin' just as free as my _____Hair
78.5%
I can't remember but it's alright, alright. _____ gonna be okay.Just Dance
76.3%
I'm gonna _____ I'm not gonna cry anymore I'm gonna _____ Leave nothin' on these streets to exploreMarry the Night
76.3%
And I don't wanna be alone forever But I can be tonight I don't wanna be alone forever But I love _____ lifeGypsy
74.2%
Baby loves to _____ 'Cause when he's lookin' she falls apartDance in the Dark
68.8%

You're not logged in!

Compare scores with friends on all Sporcle quizzes.
Join for Free
OR
Log In

You Might Also Like...

Show Comments

Extras

Top Quizzes Today


Score Distribution

Your Account Isn't Verified!

In order to create a playlist on Sporcle, you need to verify the email address you used during registration. Go to your Sporcle Settings to finish the process.

Report this User

Report this user for behavior that violates our Community Guidelines.

Details: